LEADER 01330nam a2200205 i 4500 001 000000090730 003 CaOOAMICUS 005 20160202000000.0 008 160202s1881 it u000 u ita u 013 $a62972 040 $aSeMil$bita 245 10$aVita del Beato Umile da Bisignano laico professo nell'Ordine dei Minori Riformati della Provincia della Calabria Citeriore scritta dal P. Anton Maria da Vicenza lettore teologo e ministro provinciale nella ricorrenza della sua solenne beatificazione :$blibri due. 260 $aMonza :$bTipografia e libreria de' Paolini di L. Annoni e C.,$c1881. 300 $aXVI, 183 p.; 25 cm. 650 4$aUmile : da Bisignano .$0(OLS)http://semarc/subject/16582 700 1 $aAntonio Maria : da Vicenza.$0(OLS)http://semarc/name/39052 850 $aSeMil 852 $aSeMil$W1$xVenegono$y1$m3J IV 27 FA$j53697$B53697$CSeMilBibl$Z2$F58331 $8I 996 $6245$aVita del Beato Umile da Bisignano laico professo nell'Ordine dei Minori Riformati della Provincia della Calabria Citeriore scritta dal P. Anton Maria da Vicenza lettore teologo e ministro provinciale nella ricorrenza della sua solenne beatificazione :$blibri due$9(OLS)http://semarc/title/136742 996 $6260$aMonza :$bTipografia e libreria de' Paolini di L. Annoni e C.$9(OLS)http://semarc/publisher/43651 LEADER 01299nam a2200289 i 4500 001 000000115162 003 CaOOAMICUS 005 20211223095409.0 008 030514s1982 it u000 u ita u 013 $a87850 020 $a88-211-6802-6 040 $aSeMil$bita 240 12$aL'initiation chrétienne.$0(OLS)http://semarc/title/46054 245 02$aL'iniziazione cristiana /$ctesti patristici a cura di Adalbert Hamman ; introduzione di Jean Danielou. 260 $aCasale Monferrato :$bMarietti,$c1982 (stampa 1996) 300 $a251 p. ;$c22 cm. 650 4$aIniziazione cristiana - Riti - Storia.$0(OLS)http://semarc/subject/7966 650 4$aCatecumenato - Sec. 3.-7. - Testi.$0(OLS)http://semarc/subject/21049 700 1 $aHamman, Adalbert-Gautier,$c.$0(OLS)http://semarc/name/5498 700 1 $aDaniélou, Jean,$c.$0(OLS)http://semarc/name/50 850 $aSeMil 852 $aSeMil$W1$xVenegono$y1$m2T II 46$j70694$B70694$CSeMilBibl$Z2$F75589 $81 961 $aLascito: Bidoglio don Maurizio 996 $6020$a88-211-6802-6$9(OLS)http://semarc/number/98820 996 $6245$aL'iniziazione cristiana$9(OLS)http://semarc/title/134144 996 $6260$aCasale Monferrato :$bMarietti$9(OLS)http://semarc/publisher/29936